[Event "Eastpointe (MI Action/4/26)"]
[Site "?"]
[Date "1993.??.??"]
[Round "?"]
[White "Lyons, R."]
[Black "Woods, O."]
[Result "0-1"]
[WhiteElo "1605"]
[BlackElo "1605"]
[PlyCount "87"]
[EventDate "1993.??.??"]

{4/(26)} 1. e4 e5 2. Nf3 Nc6 3. Nc3 Nf6 4. Bb5 Bb4 5. d3 d6 6. O-O Bxc3 7. bxc3
a6 8. Bxc6+ bxc6 9. Bg5 O-O 10. h3 h6 11. Bxf6 Qxf6 12. d4 exd4 13. cxd4 c5 14.
e5 dxe5 15. dxe5 Qe6 16. Qd3 Qg6 17. Qxg6 fxg6 18. Nh4 g5 19. Ng6 Re8 20. f4
Bf5 21. Rae1 Bxg6 22. f5 Bh7 23. f6 gxf6 24. exf6 Rxe1 25. Rxe1 Kf7 26. Re7+
Kg8 27. f7+ Kf8 28. Rxc7 Bxc2 29. Rxc5 Bg6 30. Rc6 Bxf7 31. a3 h5 32. g4 hxg4
33. hxg4 a5 34. Rc5 a4 35. Rxg5 Rc8 36. Ra5 Rc4 37. g5 Be8 38. Rf5+ Kg7 39. Re5
Bc6 40. Kh2 Rc3 41. Re6 Bb5 42. Re5 Bc6 43. Re1 Rxa3 44. Rb1 0-1

[Event "Flint (Class DE/5)"]
[Site "?"]
[Date "1993.??.??"]
[Round "?"]
[White "Lyons, R."]
[Black "Spencer, Gordon"]
[Result "1-0"]
[WhiteElo "1605"]
[BlackElo "1605"]
[PlyCount "37"]
[EventDate "1993.??.??"]

1. e4 g6 2. Nc3 Bg7 3. Nf3 d6 4. h3 e5 5. d3 h6 6. h4 Nc6 7. a3 Bd7 8. b4 a6 9.
Be3 Nge7 10. a4 f5 11. exf5 Nxf5 12. b5 axb5 13. Nxb5 Nxe3 14. fxe3 e4 15. d4
exf3 16. Qxf3 Rf8 17. Qe4+ Ne7 18. Be2 c6 19. Nxd6# 1-0

[Event "Flint (Class DE/1)"]
[Site "?"]
[Date "1993.??.??"]
[Round "?"]
[White "Lyons, R."]
[Black "Somers, R."]
[Result "0-1"]
[WhiteElo "1605"]
[BlackElo "1605"]
[PlyCount "30"]
[EventDate "1993.??.??"]

1. e4 d5 2. e5 Nc6 3. Bb5 Bd7 4. d4 a6 5. Bxc6 Bxc6 6. Nf3 f6 7. e6 Qd6 8. Qe2
Bb5 9. Qe3 Nh6 10. Qb3 Qxe6+ 11. Qe3 Qg4 12. g3 Nf5 13. Qe6 Qxf3 14. Rg1 Nxd4
15. Nd2 Nxc2# 0-1

[Event "Eastpointe (MI Action/5/27)"]
[Site "?"]
[Date "1993.??.??"]
[Round "?"]
[White "Lyons, R."]
[Black "Robinson, B."]
[Result "1-0"]
[WhiteElo "1605"]
[BlackElo "1605"]
[PlyCount "55"]
[EventDate "1993.??.??"]

{5/(27)} 1. e4 e5 2. Nf3 Nc6 3. Nc3 Bd6 4. Bc4 Nf6 5. d4 exd4 6. Nxd4 Bb4 7.
Bd2 O-O 8. Bg5 Nxd4 9. Qxd4 c5 10. Qd3 d6 11. Qf3 Qe8 12. Bxf6 gxf6 13. O-O Qd8
14. Nd5 b6 15. Nxf6+ Kh8 16. c3 Rg8 17. Nxg8 Qxg8 18. cxb4 Bd7 19. bxc5 Rf8 20.
Qf6+ Qg7 21. Qxg7+ Kxg7 22. cxd6 f5 23. e5 Bc6 24. e6 Kh8 25. e7 Rf6 26. Rae1
Rg6 27. e8=Q+ Rg8 28. Qxg8# 1-0

[Event "Eastpointe (MI Action/1/22)"]
[Site "?"]
[Date "1993.??.??"]
[Round "?"]
[White "Lyons, R."]
[Black "Calton, David A"]
[Result "0-1"]
[WhiteElo "1605"]
[BlackElo "1740"]
[PlyCount "105"]
[EventDate "1993.??.??"]

{1/(22)} 1. e4 e5 2. Nf3 Nf6 3. Nc3 Nc6 4. a3 Bc5 5. h3 O-O 6. Bb5 Nd4 7. Nxe5
Qe7 8. Nf3 Nxb5 9. Nxb5 Qxe4+ 10. Qe2 Qxe2+ 11. Kxe2 Bb6 12. Re1 Re8+ 13. Kf1
Rxe1+ 14. Kxe1 a6 15. Nbd4 d6 16. d3 Bd7 17. Kf1 h6 18. Be3 Nd5 19. Re1 Nxe3+
20. Rxe3 Kf8 21. Re2 Re8 22. Rxe8+ Kxe8 23. Ke2 g5 24. g4 Ke7 25. Kf1 Kf6 26.
c3 Kg6 27. Kg2 f5 28. Nxf5 Bxf5 29. gxf5+ Kxf5 30. Kg3 h5 31. h4 g4 32. Ng5 c6
33. Nf7 Bc7 34. d4 d5+ 35. Kg2 Kf6 36. Ng5 Bf4 37. Nh7+ Kg7 38. Ng5 Bxg5 39.
hxg5 Kg6 40. f4 gxf3+ 41. Kxf3 Kxg5 42. Kg3 h4+ 43. Kh3 Kh5 44. b3 b5 45. b4
Kg5 46. Kg2 Kg4 47. Kh2 h3 48. Kg1 Kg3 49. Kh1 h2 50. c4 dxc4 51. a4 c3 52.
axb5 c2 53. b6 0-1

[Event "Flint (Class DE/3)"]
[Site "?"]
[Date "1993.??.??"]
[Round "?"]
[White "Lyons, R."]
[Black "Bensek, A."]
[Result "1/2-1/2"]
[WhiteElo "1605"]
[BlackElo "1605"]
[PlyCount "129"]
[EventDate "1993.??.??"]

1. e4 c5 2. Nc3 Nc6 3. Nf3 g6 4. Bb5 Bg7 5. Bxc6 bxc6 6. d4 Qb6 7. d5 cxd5 8.
Nxd5 Qc6 9. Ng5 e6 10. Qf3 f6 11. Nxe6 dxe6 12. Nf4 Ba6 13. e5 Qxf3 14. gxf3
Rd8 15. Nxe6 Rd7 16. Nxg7+ Rxg7 17. exf6 Nxf6 18. Be3 Re7 19. Rd1 Bb7 20. Rd6
Rf8 21. Kf1 Nd7 22. Bg5 Re5 23. h4 Bxf3 24. Rh3 Be2+ 25. Kg1 Bg4 26. Re3 Rff5
27. Rxe5+ Rxe5 28. a4 h6 29. Bf6 Nxf6 30. Rxf6 Ke7 31. Rxg6 h5 32. a5 Kf7 33.
Ra6 Re7 34. c3 Kf8 35. b4 Rg7 36. Kh2 Bc8 37. Rc6 Bb7 38. Rxc5 Rg2+ 39. Kh3
Rxf2 40. Rc7 Rf7 41. Rxf7+ Kxf7 42. b5 Ke7 43. a6 Bc8+ 44. Kg3 Kd7 45. b6 axb6
46. a7 Bb7 47. Kf4 Ke7 48. Kg5 Bf3 49. c4 Kd7 50. Kf4 Bb7 51. Kg5 Bf3 52. a8=Q
Bxa8 53. Kxh5 Bf3+ 54. Kg5 Kc6 55. Kf4 Bd1 56. Ke3 b5 57. cxb5+ Kxb5 58. Kd2
Bh5 59. Ke3 Kc5 60. Kf4 Kd5 61. Kg5 Bd1 62. Kf5 Kd6 63. Kg6 Ke5 64. h5 Bxh5+
65. Kxh5 1/2-1/2

[Event "Flint (MI Jr/1)"]
[Site "?"]
[Date "1993.??.??"]
[Round "?"]
[White "Lynch, D."]
[Black "Stinson, Darlene"]
[Result "0-1"]
[WhiteElo "1605"]
[BlackElo "1605"]
[PlyCount "82"]
[EventDate "1993.??.??"]

1. e4 e5 2. Nf3 Nf6 3. d4 exd4 4. Nxd4 Nxe4 5. Qe2 Qe7 6. f3 Nf6 7. Qxe7+ Bxe7
8. Bg5 O-O 9. Nf5 Bd8 10. Nc3 Re8+ 11. Be2 d6 12. Ng3 Nc6 13. O-O-O Be6 14. Bb5
Nd5 15. Nxd5 Bxg5+ 16. Kb1 Bxd5 17. Rxd5 Bf6 18. Nh5 Re5 19. Rxe5 Bxe5 20. f4
Bd4 21. Rd1 Bb6 22. f5 Nd4 23. Bd3 Re8 24. c3 Ne2 25. Ka1 Kf8 26. f6 g6 27. Ng7
Re5 28. Rd2 Nf4 29. Bb1 Ne6 30. a3 Nxg7 31. fxg7+ Kxg7 32. Rd1 Re2 33. Ba2 Rxg2
34. h4 Re2 35. Rf1 Rf2 36. Re1 Kf6 37. b4 Rc2 38. Rf1+ Bf2 39. c4 Re2 40. Bb1
Kg7 41. Rh1 Bd4# 0-1

[Event "Flint (MI Jr/4)"]
[Site "?"]
[Date "1993.??.??"]
[Round "?"]
[White "Lynch, D."]
[Black "Baker, Derrick"]
[Result "0-1"]
[WhiteElo "1605"]
[BlackElo "1605"]
[PlyCount "106"]
[EventDate "1993.??.??"]

1. e4 d6 2. Bc4 Nf6 3. Nc3 g6 4. d4 Bg7 5. Nf3 O-O 6. e5 dxe5 7. dxe5 Ng4 8.
Qxd8 Rxd8 9. Bg5 Nxe5 10. Nxe5 Bxe5 11. Bxe7 Re8 12. Nd5 Bxb2 13. Rb1 Bg7 14.
O-O Na6 15. Bxa6 bxa6 16. Nxc7 Rxe7 17. Nxa8 Bb7 18. Rfd1 Bf6 19. Rd6 Kg7 20.
Kf1 Bxa8 21. Rxa6 Bd5 22. Ra4 Rc7 23. Rc1 Bb2 24. Rd1 Be6 25. Kg1 Bf5 26. Rd2
Bxc2 27. Rb4 Bf6 28. h3 Bf5 29. Ra4 Be5 30. g4 Be6 31. f4 Bc3 32. Rc2 Bd4+ 33.
Rf2 Bxf2+ 34. Kxf2 Rc2+ 35. Ke3 Rxa2 36. Re4 Ra3+ 37. Kd4 Ra4+ 38. Ke3 Rxe4+
39. Kxe4 f5+ 40. Ke5 Kf7 41. gxf5 Bxf5 42. h4 a5 43. Kd4 a4 44. Kc3 Bd7 45. Kb4
Kf6 46. Kc4 Kf5 47. h5 Kxf4 48. hxg6 hxg6 49. Kb4 g5 50. Kc5 a3 51. Kd6 Bf5 52.
Kd5 a2 53. Kd4 a1=Q+ 0-1

[Event "Troy (TCC/A/4/8)"]
[Site "?"]
[Date "1993.??.??"]
[Round "?"]
[White "Lubben, Don"]
[Black "Morrow, Chris"]
[Result "1-0"]
[WhiteElo "1850"]
[BlackElo "1835"]
[PlyCount "99"]
[EventDate "1993.??.??"]

{4/(8)} 1. g4 d5 2. h3 e6 3. Bg2 Ne7 4. c4 c6 5. Qc2 Ng6 6. b3 Be7 7. Nf3 Nf4
8. Bf1 Nd7 9. e3 Ng6 10. Bb2 Bf6 11. Nc3 Nde5 12. Nxe5 Nxe5 13. O-O-O dxc4 14.
bxc4 Nd7 15. f4 h6 16. d4 Qc7 17. Be2 Nb6 18. h4 Bd7 19. Ne4 Be7 20. g5 O-O-O
21. Nc5 Rhg8 22. Nd3 c5 23. Ne5 Ba4 24. Qh7 Bxd1 25. Rxd1 Na4 26. Nxf7 Rdf8 27.
d5 Nxb2 28. Kxb2 exd5 29. Rxd5 Kb8 30. Ne5 Bd6 31. Nd3 g6 32. Qxc7+ Kxc7 33.
Nxc5 Bxc5 34. Rxc5+ Kd6 35. Rd5+ Kc6 36. Bf3 Kc7 37. gxh6 Rh8 38. Rg5 Rxh6 39.
h5 gxh5 40. Rxh5 Rc6 41. Bxc6 Kxc6 42. Kc3 Re8 43. Kd4 Rd8+ 44. Rd5 Re8 45. f5
a6 46. e4 b5 47. cxb5+ axb5 48. Ke3 Ra8 49. Rd2 Re8 50. Kf4 1-0

[Event "Troy (TCC/A/5/5)"]
[Site "?"]
[Date "1993.??.??"]
[Round "?"]
[White "Lubben, Don"]
[Black "Accad, W."]
[Result "1-0"]
[WhiteElo "1850"]
[BlackElo "1900"]
[PlyCount "66"]
[EventDate "1993.??.??"]

{5/(5)} 1. g4 d5 2. h3 c6 3. Bg2 Nd7 4. d3 e5 5. c4 h6 6. Bd2 Ngf6 7. Nc3 dxc4
8. dxc4 Nc5 9. Qc2 Be6 10. b3 Qc7 11. Ne4 Nfxe4 12. Bxe4 Nxe4 13. Qxe4 O-O-O
14. Nf3 f6 15. O-O h5 16. Kg2 hxg4 17. hxg4 g6 18. Bc3 Bd6 19. Rh1 f5 20. Qe3
fxg4 21. Nxe5 Rh3 22. Rxh3 gxh3+ 23. Kh1 Bf5 24. Nxg6 Rg8 25. Rg1 Qh7 26. Ne5
Rxg1+ 27. Kxg1 h2+ 28. Kh1 Be4+ 29. f3 Bf5 30. Qxa7 Bb8 31. Qf2 Qh3 32. Qg2
Qxg2+ 33. Kxg2 Bb1 1-0

[Event "Troy (TCC/X/3/3)"]
[Site "?"]
[Date "1993.??.??"]
[Round "?"]
[White "Linn, Peter"]
[Black "Ward, Tom"]
[Result "1/2-1/2"]
[WhiteElo "2185"]
[BlackElo "2140"]
[PlyCount "27"]
[EventDate "1993.??.??"]

{3/(3)} 1. d4 Nf6 2. Nc3 c5 3. d5 e6 4. e4 d6 5. Nf3 Be7 6. Be2 O-O 7. O-O a6
8. a4 Nbd7 9. Nd2 exd5 10. exd5 Ne5 11. f4 Ned7 12. Nc4 Re8 13. Bd3 Rb8 14. Na3
1/2-1/2

[Event "Eastpointe (EDO/1b/2)"]
[Site "?"]
[Date "1993.??.??"]
[Round "?"]
[White "Linn, Peter"]
[Black "McFolley, John"]
[Result "1-0"]
[WhiteElo "2140"]
[BlackElo "1605"]
[PlyCount "97"]
[EventDate "1993.??.??"]

1. d4 Nf6 2. Nc3 e6 3. e4 d5 4. Bg5 Be7 5. e5 Ne4 6. Bxe7 Nxc3 7. Bxd8 Nxd1 8.
Bxc7 Nxb2 9. Bd6 a6 10. Rb1 Nc4 11. Bxc4 dxc4 12. a4 a5 13. Nf3 Nd7 14. Nd2 c3
15. Ne4 Ra6 16. Nxc3 Rc6 17. Kd2 Nb6 18. Nb5 Nxa4 19. Na7 Nc3 20. Nxc6 Nxb1+
21. Rxb1 bxc6 22. Ra1 f6 23. Rxa5 f5 24. Ra7 g5 25. Kc3 h6 26. Kb4 Rg8 27. Rh7
Rg6 28. Kc5 Bd7 29. Rh8+ Kf7 30. Rf8+ Kg7 31. Rd8 Kf7 32. Rxd7+ Ke8 33. Re7+
Kd8 34. Kxc6 g4 35. Rf7 Rg8 36. Rf6 Ke8 37. Rxe6+ Kf7 38. Rxh6 Rc8+ 39. Kd7
Rxc2 40. Rf6+ Kg7 41. Rxf5 Kg6 42. Rf4 Kg5 43. e6 g3 44. hxg3 Re2 45. Be5 Rd2
46. e7 Kh6 47. e8=Q Rxd4+ 48. Rxd4 Kh7 49. Rh4# 1-0

[Event "Troy (TCC/X/5/1)"]
[Site "?"]
[Date "1993.??.??"]
[Round "?"]
[White "Linn, Peter"]
[Black "Mazuchowski, Tom"]
[Result "1-0"]
[WhiteElo "2140"]
[BlackElo "2135"]
[PlyCount "53"]
[EventDate "1993.??.??"]

{5/(1)} 1. d4 d6 2. e4 Nf6 3. Nc3 g6 4. Bc4 Bg7 5. Qe2 e6 6. Bg5 h6 7. Bh4 g5
8. Bg3 Nc6 9. O-O-O Qe7 10. h4 Nxe4 11. Qxe4 d5 12. Bxd5 exd5 13. Qxe7+ Nxe7
14. hxg5 Nf5 15. Nxd5 Nxg3 16. fxg3 Bg4 17. Re1+ Kd8 18. Nf6 Be6 19. d5 hxg5
20. Rxh8+ Bxh8 21. Ne4 Bf5 22. Nxg5 Bg6 23. N1h3 Bg7 24. Nf4 Bh6 25. Rh1 Bg7
26. Nxg6 fxg6 27. Ne6+ 1-0

[Event "Eastpointe (EDO/3/5)"]
[Site "?"]
[Date "1993.??.??"]
[Round "?"]
[White "Linn, Peter"]
[Black "Manion, Tom"]
[Result "1-0"]
[WhiteElo "2140"]
[BlackElo "1835"]
[PlyCount "41"]
[EventDate "1993.??.??"]

{3/(5)} 1. d4 f5 2. Nc3 d5 3. e4 dxe4 4. Bf4 Nf6 5. f3 exf3 6. Nxf3 Be6 7. Bd3
g6 8. Qe2 Bg8 9. O-O-O Bg7 10. Bc4 Nd5 11. Nxd5 Bxd5 12. Be5 Bh6+ 13. Kb1 O-O
14. Bxc7 Qxc7 15. Bxd5+ Kg7 16. h4 Na6 17. Ng5 Bxg5 18. hxg5 Nb4 19. Bb3 a5 20.
Qe1 a4 21. Rxh7+ 1-0

[Event "East Lansing (MI Op/2/15)"]
[Site "?"]
[Date "1993.??.??"]
[Round "?"]
[White "Linn, Peter"]
[Black "Kamberi, Sonny"]
[Result "1/2-1/2"]
[WhiteElo "2100"]
[BlackElo "1900"]
[PlyCount "71"]
[EventDate "1993.??.??"]

{2/(15)} 1. d4 Nf6 2. Nc3 d5 3. Bg5 Bf5 4. Bxf6 exf6 5. e3 Bb4 6. Bd3 Bxd3 7.
Qxd3 O-O 8. Nge2 Qd7 9. O-O c6 10. e4 Na6 11. a3 Bd6 12. Qf3 Nc7 13. Rad1 dxe4
14. Nxe4 Rad8 15. N2g3 Bxg3 16. Qxg3 Kh8 17. Nc5 Qc8 18. Rfe1 b6 19. Nb3 Qd7
20. Re4 Rfe8 21. Rde1 Ne6 22. Qe3 Nc7 23. Qg3 Ne6 24. h3 g6 25. Qc3 Ng5 26.
Rxe8+ Rxe8 27. Rxe8+ Qxe8 28. d5 Ne4 29. Qxc6 Qe5 30. Qa8+ Kg7 31. Qxa7 Qxd5
32. Qxb6 Qd1+ 33. Kh2 Qxc2 34. f3 Ng5 35. Nd4 Qd2 36. a4 1/2-1/2

[Event "Eastpointe (EDO/5/7)"]
[Site "?"]
[Date "1993.??.??"]
[Round "?"]
[White "Linn, Peter"]
[Black "Jointer, William"]
[Result "1-0"]
[WhiteElo "2140"]
[BlackElo "1720"]
[PlyCount "93"]
[EventDate "1993.??.??"]

{5/(7)} 1. d4 Nf6 2. Nc3 g6 3. e4 d6 4. Bc4 Bg7 5. Qe2 O-O 6. e5 dxe5 7. dxe5
Ng4 8. f4 Nc6 9. Nf3 Nd4 10. Nxd4 Qxd4 11. h3 Nxe5 12. fxe5 Bxe5 13. Bd2 Bg3+
14. Kd1 Bf5 15. Kc1 Rad8 16. Rd1 a6 17. Be3 Qe5 18. Bd3 Rd6 19. Bh6 Bf4+ 20.
Bxf4 Qxf4+ 21. Qd2 Qg3 22. Qe2 Rfd8 23. Bxf5 Qf4+ 24. Kb1 Rxd1+ 25. Nxd1 Qxf5
26. a3 Qf4 27. Ka2 Rd2 28. Qe3 Qc4+ 29. Qb3 Qe2 30. Ne3 b5 31. Rf1 e6 32. Qc3
Rd7 33. Ng4 Qxf1 34. Nf6+ Kg7 35. Nxd7+ f6 36. Qxc7 Qxg2 37. Ne5+ Kh6 38. Ng4+
Kg5 39. Qxh7 Qxc2 40. Qh6+ Kf5 41. Ne3+ Ke5 42. Nxc2 g5 43. Qh5 a5 44. Qe2+ Kd6
45. Qd3+ Ke7 46. Qxb5 Kf7 47. Qd7+ 1-0

[Event "East Lansing (MI Op/7/5)"]
[Site "?"]
[Date "1993.??.??"]
[Round "?"]
[White "Linn, Peter"]
[Black "Finegold, Ron"]
[Result "1/2-1/2"]
[WhiteElo "2100"]
[BlackElo "2190"]
[PlyCount "45"]
[EventDate "1993.??.??"]

{7/(5)} 1. d4 Nf6 2. Nc3 g6 3. e4 d6 4. Bc4 Bg7 5. Qe2 Nc6 6. e5 Nxd4 7. exf6
Nxe2 8. fxg7 Rg8 9. Ngxe2 Rxg7 10. Bh6 Rg8 11. O-O-O Be6 12. Bxe6 fxe6 13. f4
c5 14. Rhe1 Qd7 15. Ng3 O-O-O 16. Nge4 Qc6 17. Ng5 Qxg2 18. Nxe6 Rd7 19. Nd5
Qxh2 20. Bg5 Re8 21. Ng7 Rg8 22. Ne6 Re8 23. Ng7 1/2-1/2

[Event "Troy (TCC/X/1a/4)"]
[Site "?"]
[Date "1993.??.??"]
[Round "?"]
[White "Linn, Peter"]
[Black "Dangremond, Leonard"]
[Result "1/2-1/2"]
[WhiteElo "2140"]
[BlackElo "2025"]
[PlyCount "57"]
[EventDate "1993.??.??"]

1. d4 Nf6 2. Nc3 d5 3. Bg5 h6 4. Bxf6 exf6 5. e3 Bf5 6. Bd3 Qd7 7. Nge2 c6 8.
Ng3 Bxd3 9. Qxd3 Bd6 10. Nf5 O-O 11. Nxd6 Qxd6 12. O-O Nd7 13. e4 dxe4 14. Nxe4
Qf4 15. Rad1 f5 16. Nc3 g6 17. d5 Ne5 18. Qd4 Qxd4 19. Rxd4 c5 20. Rdd1 Rfd8
21. Rfe1 Nc4 22. b3 Nd6 23. Re7 Re8 24. Rde1 Kf8 25. Rxe8+ Rxe8 26. Rxe8+ Kxe8
27. f3 Kd7 28. Kf2 b5 29. Ke2 1/2-1/2

[Event "East Lansing (MI Op/5/12)"]
[Site "?"]
[Date "1993.??.??"]
[Round "?"]
[White "Linn, Peter"]
[Black "Brattin, Vincent"]
[Result "1-0"]
[WhiteElo "2100"]
[BlackElo "2015"]
[PlyCount "95"]
[EventDate "1993.??.??"]

{5/(12)} 1. d4 d5 2. Nc3 c6 3. Bg5 Bf5 4. e3 Nf6 5. Bxf6 exf6 6. Bd3 Bxd3 7.
Qxd3 Be7 8. Nge2 O-O 9. O-O Na6 10. a3 Qd7 11. e4 dxe4 12. Nxe4 Rad8 13. Rad1
Qc7 14. Qc3 Rd7 15. Rd3 Rfd8 16. Rfd1 Qb6 17. b4 Qb5 18. Qb3 Qd5 19. Qxd5 cxd5
20. Nc5 Bxc5 21. dxc5 Kf8 22. Nf4 Nc7 23. c4 d4 24. Rb3 b5 25. cxb6 axb6 26.
Rbd3 Ne6 27. Ne2 Ke7 28. Kf1 Ra7 29. Ke1 Rc8 30. Rc1 Rac7 31. Nxd4 Rxc4 32.
Rxc4 Rxc4 33. Nf5+ Kf8 34. Kd2 Rf4 35. Rf3 Rxf3 36. gxf3 g6 37. Nd6 Nd4 38. Kc3
Nxf3 39. a4 Nxh2 40. a5 bxa5 41. bxa5 Ke7 42. a6 Kxd6 43. a7 h5 44. a8=Q Ng4
45. f3 Ne5 46. f4 Ng4 47. Qe8 h4 48. Qd8+ 1-0

[Event "East Lansing (MI Op/1a/7)"]
[Site "?"]
[Date "1993.??.??"]
[Round "?"]
[White "Linn, Peter"]
[Black "Brady, Lindell"]
[Result "1-0"]
[WhiteElo "2100"]
[BlackElo "1925"]
[PlyCount "67"]
[EventDate "1993.??.??"]

1. d4 Nf6 2. Nc3 d5 3. Bg5 e6 4. e4 dxe4 5. Nxe4 Be7 6. Bxf6 Bxf6 7. Nf3 O-O 8.
Qd2 Nc6 9. O-O-O a5 10. Bc4 Nb4 11. Kb1 c6 12. c3 Nd5 13. Bd3 b5 14. Ne5 Bxe5
15. dxe5 f5 16. Nd6 Ba6 17. f4 Rb8 18. Ka1 Qb6 19. Rhe1 a4 20. g4 Bc8 21. gxf5
exf5 22. e6 Ne7 23. Nxf5 Nxf5 24. Bxf5 Re8 25. Qd3 h6 26. Bh7+ Kh8 27. Bg6 Bxe6
28. Bxe8 Rxe8 29. f5 Bf7 30. Rxe8+ Bxe8 31. f6 Kg8 32. Qg3 g6 33. Qe5 Bf7 34.
Qe7 1-0

[Event "Flint (MI Jr/4)"]
[Site "?"]
[Date "1993.??.??"]
[Round "?"]
[White "Link, J."]
[Black "Winkelspecht, A."]
[Result "1-0"]
[WhiteElo "1730"]
[BlackElo "1605"]
[PlyCount "138"]
[EventDate "1993.??.??"]

1. e4 c6 2. d4 d5 3. exd5 cxd5 4. Bf4 Nc6 5. c3 Bf5 6. Bd3 Bg6 7. Nf3 e6 8. O-O
Bd6 9. Bg3 Nge7 10. Qc2 Qc7 11. Bxd6 Qxd6 12. Nbd2 O-O 13. Rae1 Rac8 14. a3 Nf5
15. Qb1 Nfe7 16. Ne5 Nxe5 17. Rxe5 Qb6 18. Bxg6 Nxg6 19. Re3 Qd6 20. Rfe1 Rc6
21. Rh3 h6 22. Rhe3 Rfc8 23. Nf3 Rb6 24. Ne5 Nxe5 25. dxe5 Qe7 26. Rg3 Qh4 27.
Qc1 Kh7 28. Qc2+ Kg8 29. Qd2 Kh7 30. Ree3 Qa4 31. h3 Qb3 32. Re2 Qc4 33. Rg4
Qc6 34. Qd3+ Kh8 35. Rh4 Qb5 36. Qf3 Rc4 37. Rxc4 Qxc4 38. Rd2 Qc7 39. Qe3 a5
40. f4 Rc6 41. g3 Qb6 42. Kf2 Qxe3+ 43. Kxe3 b5 44. Rd4 Kg8 45. a4 bxa4 46.
Rxa4 Rc5 47. Kd4 Rb5 48. b4 axb4 49. cxb4 Kf8 50. Kc3 Ke7 51. Ra7+ Ke8 52. Kb3
d4 53. Kc4 Rd5 54. Ra3 d3 55. Rxd3 Rxd3 56. Kxd3 Kd7 57. Kc4 Kc6 58. b5+ Kb6
59. g4 g6 60. h4 h5 61. g5 Kb7 62. Kc5 Kc7 63. b6+ Kb7 64. Kb5 Kb8 65. Kc6 Kc8
66. Kd6 Kb7 67. Ke7 Kxb6 68. Kxf7 Kc7 69. Kxg6 Kd7 1-0

[Event "Flint (MI Jr/2)"]
[Site "?"]
[Date "1993.??.??"]
[Round "?"]
[White "Link, J."]
[Black "Borhani-Azar, C."]
[Result "1/2-1/2"]
[WhiteElo "1730"]
[BlackElo "1605"]
[PlyCount "28"]
[EventDate "1993.??.??"]

1. e4 e5 2. Nf3 Nc6 3. Bb5 a6 4. Bxc6 dxc6 5. h3 f6 6. O-O Bc5 7. Nc3 Be6 8. d3
Qd6 9. Be3 O-O-O 10. Na4 Bxe3 11. fxe3 Qb4 12. b3 b5 13. a3 Qd6 14. Nb2 c5
1/2-1/2

[Event "Troy (TCC/X/3/4)"]
[Site "?"]
[Date "1993.??.??"]
[Round "?"]
[White "Lin, A."]
[Black "Wright, William"]
[Result "1-0"]
[WhiteElo "2180"]
[BlackElo "2140"]
[PlyCount "81"]
[EventDate "1993.??.??"]

{3/(4)} 1. d4 e6 2. Nf3 Nf6 3. Bg5 Be7 4. Nbd2 d5 5. e3 O-O 6. Bd3 b6 7. O-O c5
8. c3 Ba6 9. Qe2 Bxd3 10. Qxd3 Nbd7 11. Rae1 Re8 12. Ne5 Nxe5 13. dxe5 Nd7 14.
Bxe7 Qxe7 15. f4 Red8 16. Rf3 Nf8 17. Rh3 Rd7 18. Rf1 Rad8 19. Rff3 d4 20. exd4
cxd4 21. c4 Qb4 22. b3 Qc3 23. Ne4 Qa1+ 24. Rf1 Qxa2 25. Ng5 h6 26. Ne4 Ng6 27.
Rg3 Qa5 28. h4 Kf8 29. Rh3 Ne7 30. g4 Ng8 31. g5 a6 32. Rg3 g6 33. h5 gxh5 34.
g6 fxg6 35. Rxg6 Rg7 36. Rxg7 Kxg7 37. Kh1 Kf8 38. Rg1 Qb4 39. Qg3 Ke8 40.
Qxg8+ Ke7 41. Rg7# 1-0

[Event "East Lansing (MOR/2/19)"]
[Site "?"]
[Date "1993.??.??"]
[Round "?"]
[White "Lewis, C."]
[Black "Horn, K."]
[Result "1/2-1/2"]
[WhiteElo "1665"]
[BlackElo "1605"]
[PlyCount "144"]
[EventDate "1993.??.??"]

{2/(19)} 1. d4 Nf6 2. c4 e6 3. Nf3 b6 4. g3 Bb7 5. Bg2 c5 6. O-O Be7 7. Nc3 O-O
8. Bf4 cxd4 9. Nb5 d6 10. Nfxd4 Bxg2 11. Kxg2 e5 12. Nf5 exf4 13. Nxe7+ Qxe7
14. Qxd6 Qxd6 15. Nxd6 fxg3 16. hxg3 Nbd7 17. b3 Nc5 18. f3 Rad8 19. Rad1 Rd7
20. Nb5 Rfd8 21. Ra1 a6 22. Nc3 Rd2 23. Kh3 Ne6 24. e4 R2d3 25. Nd5 Ng5+ 26.
Kg2 Nxd5 27. exd5 Re8 28. Rf2 Ree3 29. Kf1 Nxf3 30. Rc1 Rc3 31. Rd1 Red3 32.
Rxd3 Rxd3 33. Ke2 Rd2+ 34. Kxf3 Rxf2+ 35. Kxf2 Kf8 36. Ke3 Ke7 37. Kd4 Kd6 38.
b4 f6 39. c5+ bxc5+ 40. bxc5+ Kd7 41. Ke4 g6 42. g4 h6 43. a4 a5 44. Kf4 Ke7
45. Ke4 Kd7 46. Kd4 Ke7 47. Kc4 h5 48. gxh5 gxh5 49. Kb5 h4 50. Kb6 h3 51. Kc7
h2 52. d6+ Ke6 53. d7 h1=Q 54. d8=Q Qh7+ 55. Kb6 Qb1+ 56. Kxa5 Qe1+ 57. Kb5
Qb1+ 58. Kc6 Qe4+ 59. Kc7 Qxa4 60. Qd6+ Kf5 61. Qd7+ Qxd7+ 62. Kxd7 Kg4 63. c6
f5 64. c7 f4 65. c8=Q f3 66. Kd6+ Kg3 67. Ke5 f2 68. Qg8+ Kh2 69. Qh7+ Kg1 70.
Qg6+ Kh2 71. Qh5+ Kg1 72. Qg4+ Kh2 1/2-1/2

[Event "Flint (Class C/3)"]
[Site "?"]
[Date "1993.??.??"]
[Round "?"]
[White "Lewis, C."]
[Black "Hooks, Jerry"]
[Result "1-0"]
[WhiteElo "1605"]
[BlackElo "1605"]
[PlyCount "55"]
[EventDate "1993.??.??"]

1. d4 Nf6 2. c4 e6 3. g3 d5 4. Bg2 Bb4+ 5. Bd2 Bxd2+ 6. Nxd2 b6 7. e4 dxe4 8.
Nxe4 Nxe4 9. Bxe4 c6 10. d5 Bb7 11. dxe6 Qxd1+ 12. Rxd1 fxe6 13. Nf3 O-O 14.
O-O Re8 15. b4 h6 16. Rfe1 Kf8 17. Nd4 e5 18. Bg6 Rc8 19. Nf5 Na6 20. Rxe5 Rc7
21. Rde1 Rcc8 22. Re7 Rab8 23. Rf7+ Kg8 24. Rxg7+ Kh8 25. Rh7+ Kg8 26. Ree7 Rd8
27. Nxh6+ Kf8 28. Rhf7# 1-0

[Event "Lansing (MI Am/5)"]
[Site "?"]
[Date "1993.??.??"]
[Round "?"]
[White "Lewis, C."]
[Black "Gregory, Kevin"]
[Result "0-1"]
[WhiteElo "1605"]
[BlackElo "1835"]
[PlyCount "86"]
[EventDate "1993.??.??"]

1. d4 d5 2. c4 e6 3. Nc3 f5 4. cxd5 exd5 5. Nf3 c6 6. Bg5 Be7 7. Bxe7 Qxe7 8.
e3 Nf6 9. g3 Nbd7 10. Bg2 O-O 11. O-O Ne4 12. Nxe4 fxe4 13. Nd2 Nf6 14. Qb3 Kh8
15. f4 Bf5 16. Rac1 Rf7 17. Qc3 Ng4 18. Rfe1 Qe6 19. Nf1 Nf6 20. Rc2 Bh3 21.
Qd2 Raf8 22. b4 a6 23. a4 Nd7 24. a5 g5 25. Re2 gxf4 26. exf4 Nf6 27. Ne3 Bg4
28. Rf2 Re8 29. f5 Qd6 30. Rf4 Bh5 31. Rh4 Bf3 32. Rb2 Qf8 33. Bxf3 exf3 34.
Qf2 Rfe7 35. Rb3 Ne4 36. Rxe4 dxe4 37. g4 Qf6 38. h4 h6 39. Nc4 Rd7 40. Ne3
Rxd4 41. Rb1 Red8 42. Rb3 Rd1+ 43. Nf1 Rxf1+ 0-1

[Event "Lansing (MI Am/1)"]
[Site "?"]
[Date "1993.??.??"]
[Round "?"]
[White "Lewis, C."]
[Black "Fleshman, Justin"]
[Result "1-0"]
[WhiteElo "1605"]
[BlackElo "1605"]
[PlyCount "115"]
[EventDate "1993.??.??"]

1. d4 d5 2. c4 c5 3. dxc5 dxc4 4. Qa4+ Bd7 5. Qxc4 g6 6. Qc3 Nf6 7. g3 Bg7 8.
Bg2 Bc6 9. Bxc6+ Nxc6 10. Nf3 Qd5 11. O-O O-O 12. a3 Ne4 13. Qc2 Nd4 14. Nxd4
Qxd4 15. e3 Qd5 16. Nd2 Nxd2 17. Bxd2 Rad8 18. Rad1 Rc8 19. b4 a5 20. Bc3 Qc6
21. Bxg7 Kxg7 22. Rc1 axb4 23. axb4 b6 24. Qb2+ Qf6 25. Qxf6+ Kxf6 26. cxb6
Rxc1 27. Rxc1 e6 28. Rc7 Ke5 29. b7 Rb8 30. b5 Kd6 31. b6 f5 32. Kg2 e5 33. Kf3
g5 34. h3 e4+ 35. Ke2 f4 36. exf4 gxf4 37. gxf4 h5 38. Ke3 Kd5 39. f3 exf3 40.
Kxf3 h4 41. Kg4 Ke4 42. Kxh4 Kxf4 43. Rf7+ Ke5 44. Kg5 Kd6 45. Rc7 Kd5 46. h4
Rg8+ 47. Kf6 Rf8+ 48. Kg7 Re8 49. h5 Kd6 50. h6 Re7+ 51. Rxe7 Kxe7 52. b8=Q Kd7
53. Kf7 Kc6 54. Ke6 Kc5 55. Qd6+ Kc4 56. b7 Kb5 57. b8=Q+ Ka5 58. Qa3# 1-0

[Event "East Lansing (MOR/4/17)"]
[Site "?"]
[Date "1993.??.??"]
[Round "?"]
[White "Lewis, C."]
[Black "Cunningham, J."]
[Result "1-0"]
[WhiteElo "1665"]
[BlackElo "1605"]
[PlyCount "73"]
[EventDate "1993.??.??"]

{4/(17)} 1. d4 d5 2. c4 e6 3. Nc3 Nf6 4. Bg5 Be7 5. e3 c6 6. Nf3 O-O 7. Be2
Nbd7 8. O-O Re8 9. Qc2 b6 10. Ne5 Bb7 11. Bd3 g6 12. Qe2 c5 13. cxd5 Nxd5 14.
Bxe7 Nxe7 15. Bb5 Nxe5 16. Bxe8 N5c6 17. Bxc6 Bxc6 18. dxc5 bxc5 19. Rfd1 Qc7
20. Qc4 Qb7 21. f3 Rc8 22. b3 Nf5 23. Qf4 f6 24. Ne4 Bxe4 25. fxe4 e5 26. Qf3
Ng7 27. Qxf6 Re8 28. Rd8 Qf7 29. Rxe8+ Nxe8 30. Qxe5 h5 31. Qxc5 Kh7 32. Rf1
Qb7 33. Qf8 Qg7 34. Qxe8 Qc3 35. Qf7+ Kh6 36. Qf8+ Kg5 37. Qf4# 1-0